| 000 | 00408nam a2200145 i 4500 | ||
|---|---|---|---|
| 001 | 95253 | ||
| 003 | ES-MaACL | ||
| 007 | t| | ||
| 008 | 050525s1931 xxk ||||1| eng d | ||
| 100 | 1 |
_aLyde, L. W. _974924 |
|
| 245 | 1 | 0 |
_aA primer of Economic Geography / _can introductory survey by L. W. Lyde. |
| 260 |
_aLondon : _bPitman & Sons, _c1931. |
||
| 300 |
_aXII, 208 p. ; _c19 cm. |
||
| 852 |
_aES-MaACL _jB-8478 |
||
| 999 |
_c95253 _d95253 |
||